000 00323nam a2200145Ia 4500
008 230605s1987 xx 000 0 und d
041 _aeng
100 _aPotter
245 _aFood Science 3rd ed.
260 _bC.B.S.Publication
_c1987
300 _a780p
520 _aGeneral
520 _aHard Board
650 _aC.S.
999 _c419886
_d419886